Statystyki dla 15 krajów o największej liczbie zgonów Covid19 - 26 stycznia 2022

Kliknij tutaj aby rozwiązać quiz!

Ogólne statystyki

  • Ten quiz został rozwiązany 36 razy
  • Średni wynik to 12 z 27

Statystyki odpowiedzi

kraj% Poprawnych
Polska
100%
Niemcy
88%
Stany Zjednoczone
85%
Włochy
82%
Rosja
79%
Francja
74%
Wielka Brytania
68%
Indie
65%
Brazylia
59%
Czechy
56%
Argentyna
50%
Meksyk
47%
Słowacja
44%
Słowenia
35%
Kolumbia
32%
Litwa
32%
Iran
29%
Chorwacja
26%
Węgry
26%
Indonezja
21%
Peru
21%
Rumunia
21%
Bułgaria
18%
Gruzja
15%
Bośnia i Hercegowina
9%
Macedonia Północna
9%
Armenia
6%

Rozkład punktacji

Percentyl według liczby udzielonych odpowiedzi

Procent ludzi z każdym wynikiem

Twoja historia wyników

Nie rozwiązałeś tego quizu